02464 a2200169 45000010006000000050017000060080041000230030015000640400040000790800056001192450106001752640096002813000019003775051870003960410008022661000020022745773620260407155837.0260407a1981 arg spa dAR-UNSa-BCEJYS aAR-UNSa-BCEJYSbspacAR-UNSa-BCEJYS a332.1xEconomía regional. Economía territorial 10aExperiencias de planificación regional en América Latinapuna teoría en busca de una práctica 1aSantiago de Chile :bCEPAL (Comisión Económica para América Latina y el Caribe)c1981 a390 p.c22 cm. a1. La planificación del desarrollo regional en América Latina, por Sergio Boisier - 2. La planificación regional en América Latina ¿Teoría o práctica?, por Bert H.J Helmsing y Francisco Uribe-Echeverría - 3. El desarrollo regional y el cambio socio-político en América Latina, por Sohel Riffka e Iván Fernández - 4. Estilos de desarrollo y estrategias nacionales de desarrollo regional, por José G.M Hilhorst - 5. La planificación del cambio social en México y la crisis del modelo de desarrollo, por Ricardo Carrillo-Arronte - 6. Las bases teóricas de la planificación regional en América Latina(un enfoque crítico) por José Luis Coraggio - 7. ¿Hacia otro desarrollo regional?, por Walter B. Stöhr - 8. La puesta en práctica de los planes regionales: ¿ejecución deficiente o algo más? por Alan G. Gilbert - 9. Sistemas de ejecución y estratégias regionales de desarrollo en Colombia, por José F. Pineda - 10. Investigación y planificación regional, por José J. Villamil - 11. Algunas opiniones sobre la investigación en el campo del desarrollo y la planificación regional, por David Dunhan - 12. La política del espacio: planificación y desarrollo regional en México, por John Friedmann, Nathan Gardels y Adrian Pennink - 13. Tendencia de la urbanización, la inversión de la polarización y política espacial en Colombia, por Johannes F. Linn - 14. Bases, características y contradicciones de la estrategia de desarrollo regional-urbano en México, por Allan Lavell y Luis Unikel - 15. Crecimiento y concentración espacial en América Latina: Algunas consecuencias, por Carlos A. de Mattos - 16. La eficiencia económica y la desintegración de las regiones periféricas, por Paulo R. Haddad - 17. Conclusiones del seminario sobre estrategias nacionales de desarrollo regional aspa1 aBoisier, Sergio